000 00500nam a2200181Ia 4500
005 20250508153351.0
008 008 250505s9999 xx 000 0 eng d
037 _aTextual
040 _aFEDL
_beng
_cFEDL
041 _aeng
_2eng
084 _a378.1083, BOK
_qFEDL
100 _aBokelman W Robert
_9763784
245 0 _aHigher education : Planning and management data 1960-61
260 _c1961
300 _a91p.
942 _cTEXL
_h378.1083, BOK
999 _c1342344
_d1342344